Intelligent instrumentation (Record no. 66555)
[ view plain ]
| 000 -LEADER | |
|---|---|
| fixed length control field | 00885pam a2200289 a 4500 |
| 001 - CONTROL NUMBER | |
| control field | 4787563 |
| 003 - CONTROL NUMBER IDENTIFIER | |
| control field | NUST - PNEC |
| 005 - DATE AND TIME OF LATEST TRANSACTION | |
| control field | 20170116180956.0 |
| 008 - FIXED-LENGTH DATA ELEMENTS--GENERAL INFORMATION | |
| fixed length control field | 871023s1988 nyua b 001 0 eng |
| 010 ## - LIBRARY OF CONGRESS CONTROL NUMBER | |
| LC control number | 87030552 |
| 020 ## - INTERNATIONAL STANDARD BOOK NUMBER | |
| International Standard Book Number | 0134682165 |
| 040 ## - CATALOGING SOURCE | |
| Transcribing agency | LIBRARY |
| 050 00 - LIBRARY OF CONGRESS CALL NUMBER | |
| Classification number | TA165 |
| Item number | .B35 1988 |
| 082 00 - DEWEY DECIMAL CLASSIFICATION NUMBER | |
| Classification number | 629.895 BAR |
| 100 1# - MAIN ENTRY--PERSONAL NAME | |
| Personal name | Barney, G. C. |
| Fuller form of name | (Gina Carol), |
| Dates associated with a name | 1935- |
| 245 10 - TITLE STATEMENT | |
| Title | Intelligent instrumentation |
| Remainder of title | microprocessor applications in measurement and control / |
| Statement of responsibility, etc. | George C. Barney. |
| 250 ## - EDITION STATEMENT | |
| Edition statement | 2nd ed. |
| 260 ## - PUBLICATION, DISTRIBUTION, ETC. | |
| Place of publication, distribution, etc. | New York : |
| Name of publisher, distributor, etc. | Prentice Hall, |
| Date of publication, distribution, etc. | 1988. |
| 300 ## - PHYSICAL DESCRIPTION | |
| Extent | xx, 467 p. : |
| Other physical details | ill. ; |
| Dimensions | 25 cm. |
| 500 ## - GENERAL NOTE | |
| General note | Includes index. |
| 504 ## - BIBLIOGRAPHY, ETC. NOTE | |
| Bibliography, etc. note | Bibliography: p. 457-458. |
| 650 #0 - SUBJECT ADDED ENTRY--TOPICAL TERM | |
| Topical term or geographic name entry element | Engineering instruments. |
| 650 #0 - SUBJECT ADDED ENTRY--TOPICAL TERM | |
| Topical term or geographic name entry element | Automatic control. |
| General subdivision | ME, EL |
| 650 #0 - SUBJECT ADDED ENTRY--TOPICAL TERM | |
| Topical term or geographic name entry element | Microprocessors. |
| 906 ## - LOCAL DATA ELEMENT F, LDF (RLIN) | |
| a | 7 |
| b | cbc |
| c | orignew |
| d | 1 |
| e | ocip |
| f | 19 |
| g | y-gencatlg |
| 942 ## - ADDED ENTRY ELEMENTS (KOHA) | |
| Source of classification or shelving scheme | |
| Koha item type | Book |
| Withdrawn status | Lost status | Source of classification or shelving scheme | Damaged status | Not for loan | Permanent Location | Current Location | Shelving location | Date acquired | Total Checkouts | Full call number | Barcode | Date last seen | Price effective from | Koha item type |
|---|---|---|---|---|---|---|---|---|---|---|---|---|---|---|
| Pakistan Navy Engineering College (PNEC) | Pakistan Navy Engineering College (PNEC) | 629.895 BAR | PNECLIB-013740 | 09/11/2015 | Book |
